000 01541nam0a22003611 4500
001 RU\INFOCOMM_322\NLR\5000191819
005 20250613111012.0
035 _a(NLR Aleph) 009579104
090 _a9178845
_c9178845
100 _a20130221d1986 |||y0rusy50 ca
101 0 _aeng
102 _aRU
105 _ay z |||||
200 1 _aTemperature phase transitions in SU(2)-gauge theory
_fV. K. Mitrjushkin, A. M. Zadorozhny
210 _aДубна
_cОбъед. ин-т ядер. исслед.
_d1986
215 _a10 с.
_cграф.
_d21 см
225 1 _aОбъединенный институт ядерных исследований, Дубна
_vE2-86-575
300 _aНа 3-й с. обл.: Температурные фазовые переходы в SU(2)-калибровочной теории / Задорожный А. М., Митрюшкин В. К.
300 _aРез. на рус. яз.
300 _a"Submitted to "Physics letters B""
320 _aБиблиогр.: с. 10
606 0 _aКвантовая теория поля калибровочная
_91012140
_3RU\NLR\AUTH\6667817
686 _aВ315.2
_2rubbk
686 _aВ382.1
_2rubbk
700 1 _9z01790
_aMitrjuškin
_bV. K.
_gValentin Konstantinovič
701 1 _9z02790
_aZadorožnyj
_bA. M.
_gAleksandr Maksimovič
790 1 _9z01700
_aMitrjushkin
_bV. K.
_4070
790 1 _9z02701
_aZadorozhny
_bA. M.
_4070
801 1 _aRU
_bInfocomm
_c20130221
801 0 _aRU
_bINFOCOMM
_gPSBO
852 _aNLR
_jФз01 Д-4/4446
942 _cBOOK
980 _aNB